Histoire - Les régalias de la couronne de France - Statistiques

Statistiques générales
  • Ce quiz a été pris 36 fois
  • Le résultat moyen est 8 sur 25
Statistiques - réponses
Indice Regalia % Correct
Couronnes de (fondues) Charlemagne
71%
Talisman de (conservé à Reims) Charlemagne
71%
Couronne de (conservée au Louvre) Louis XV
67%
Main de Justice
58%
Couronne de (fondue) Saint-Louis
58%
Sceptre de (fondu) Saint-Louis
58%
Couronne d' (fondue) Henri IV
46%
Sainte (conservée à Reims) Ampoule
38%
Epée (conservée au Louvre) Joyeuse
38%
Sceptre de (Volé) Dagobert
33%
Trône de (conservé à la BNF) Dagobert
33%
Couronne de (fondue) Napoléon III
33%
Livre du (conservé à la BNF) Sacre
29%
Vêtement (conservé à Reims) Chappe
25%
Sceptre de (conservé au Louvre) Charles V
25%
Aides du cavalier (conservés au Louvre) Eperons
25%
Alliance (disparue) Anneau royal
21%
Protection des mains (détruits après chaque sacre) Gants
21%
Couronne de (conservée au Louvre) l'Impératrice Eugènie
21%
Couronne de (conservée au Louvre) Napoléon 1er
21%
Calice de (conservé à Reims) Saint-Rémi
21%
Coupe des (conservée à la BNF) Ptolémés
17%
Patène de (conservée au Louvre) Serpentine
13%
Sceptre (disparu) à la Rose
0%
Agrafe du vêtement (conservée au Louvre) Fermail de la chappe
0%
Aucun quiz correspondant
Distribution des résultats
% des personnes avec chaque résultat
Percentile par nombre de réponses
Votre historique - résultats
Vous n’avez pas pris ce quiz